00694nam a2200205 a 450000100100000000500170001000800410002702000150006804000250008308200150010810000200012324000350014324500960017826000500027430000280032449000240035250000570037670000310043383000240046400004085820201002034431.0130909s1978 sp a 000 0 spa d a8420622222 aDO-SdBNPbspacBNPHU axxxxbssss1 aMontagu, Ashley10aThe nature of human aggression10aLa naturaleza de la agresividad humana /cAshley Montagu; traducción, Antonio Escohotado. aMadrid, España :bAlianza editorial,c1978. a290 p. :bil. ;c20 cm.1 aAlianza universidad aLa biblioteca posee la quinta reimpresión del 19901 aEscohotado, Antonioetrad. 0aAlianza universidad